000 00903nam a2200277Ia 4500
003 OSt
005 20220925232828.0
006 a|||||r|||| 00| 0
007 ta
008 220923b |||||||| |||| 00| 0 eng d
020 _a9211512603
037 _cGeneral Book
040 _aRTL
_cRTL
_beng
041 _2eng
_aeng
082 _aX:9F-J2.1(X).N9, N3/UN
110 _aUnited Nations, Economic and social information and policy analysis (Deptt. of-)
_9297829
245 0 _aInternal migration of women in developing countries
260 _aNew York
_bUN
_c1993
300 _axi, 359p
_ccm.
500 _aBibliography chapterwise
650 _a Economics
650 _aWomen Labour
700 _aUnited Nations, Economic and social information and policy analysis (Deptt. of-)
_9297830
942 _hX:9F-J2.1(X).N9, N3/UN
_cGB
_2CC
999 _c592262
_d592262